Pathfinder For Pre-RMO/IOQM/ (Record no. 200841)

MARC details
000 -LEADER
fixed length control field 00719nam a22002057a 4500
005 - DATE AND TIME OF LATEST TRANSACTION
control field 20240216113248.0
010 ## - LCCN (DPL NO)
LC control number ENG-139308
020 ## - INTERNATIONAL STANDARD BOOK NUMBER
Terms of availability 960.00
International Standard Book Number 9789356064058
035 ## - SYSTEM CONTROL NUMBER
System control number EN-122840
037 ## - SOURCE OF ACQUISITION
Source of stock number/acquisition DBAD/PUB
082 ## - DEWEY DECIMAL CLASSIFICATION NUMBER
Classification number 510
Edition number 1
100 ## - MAIN ENTRY--PERSONAL NAME
Personal name Jain, Prashant
245 ## - TITLE STATEMENT
Title Pathfinder For Pre-RMO/IOQM/
Statement of responsibility, etc By Prashant Jain
250 ## - EDITION STATEMENT
Edition statement 1
260 ## - PUBLICATION, DISTRIBUTION, ETC. (IMPRINT)
Place of publication, distribution, etc Uttar Pradesh
Name of publisher, distributor, etc Pearson India Education Pvt Ltd
Date of publication, distribution, etc 2023
270 ## - ADDRESS
City Uttar Pradesh
Address 15th FLoor, Tower-B, World Trade Tower, Plot No.1, Block- C, Sector-16, Noida
Postal code 201301
300 ## - PHYSICAL DESCRIPTION
Extent vpp.
Dimensions 25cm(pb)
Other physical details Index
500 ## - GENERAL NOTE
General note Pre Regional Mathematical Olympiad Indian Olympiad Qualifiers In Mathematics
942 ## - ADDED ENTRY ELEMENTS (KOHA)
Source of classification or shelving scheme Dewey Decimal Classification
Item type English Books
Classification part 510
Call number suffix JAI
Edition 1
Holdings
Withdrawn status Lost status Not for loan Collection code Home library Current library Date acquired Source of acquisition Cost, normal purchase price Full call number Barcode Copy number Cost, replacement price Koha item type
      Non-fiction Central Library Central Library 16/02/2024 DBAD/PUB 960.00 510 JAI EN-122840 1 960.00 English Books

© Delhi Public Library
Hit Counter
free hit counter